000 00941nam a2200205Ia 4500
001 15546
003 GE_BSU
008 181216s||||||||xx |||||||||||||| ||und||
040 _cGE_BSU
080 _a82-93:821.161.1 + 82-93:821.161.1-32
100 _aგაიდარი, არკადი
245 _aთხზულებათა სამტომეული. ტ. 1
245 _cთარგმნა ვ. ძიძიგურმა, ბ. შელიამ, რ. ქორქიამ ; ლ. კასილის წინასიტყვ. ; ვ. ძიძიგურის შენიშვნები. რედ.ლ.ქადაგიშვილი. მხატვ.დ.ერისთავი
260 _aთბილისი
260 _bნაკადული
260 _c1973
300 _a326გვ.20სმ.
653 _aთხზულებათა სამტომეული
942 _cBK
999 _c48646
_d48646